Superbike World Champions - Statistics

General Stats
  • This quiz has been taken 77 times
    31 since last reset
  • The average score is 23 of 38
Answer Stats
Year Country Rider Manufacturer % Correct
2022 Spain Alvaro Bautista Ducati
100%
2023 Spain Alvaro Bautista Ducati
100%
2015 United Kingdom Jonathan Rea Kawasaki
96%
2016 United Kingdom Jonathan Rea Kawasaki
96%
2017 United Kingdom Jonathan Rea Kawasaki
96%
2018 United Kingdom Jonathan Rea Kawasaki
96%
2019 United Kingdom Jonathan Rea Kawasaki
96%
2020 United Kingdom Jonathan Rea Kawasaki
96%
2021 Turkey Toprak Razgatlioglu Yamaha
84%
2024 Turkey Toprak Razgatlioglu BMW
84%
2010 Italy Max Biaggi Aprilia
80%
2012 Italy Max Biaggi Aprilia
80%
2014 France Sylvain Guintoli Aprilia
76%
2013 United Kingdom Tom Sykes Kawasaki
76%
2001 Australia Troy Bayliss Ducati
76%
2006 Australia Troy Bayliss Ducati
76%
2008 Australia Troy Bayliss Ducati
76%
2009 USA Ben Spies Yamaha
68%
1996 Australia Troy Corser Ducati
60%
2005 Australia Troy Corser Suzuki
60%
2011 Spain Carlos Checa Ducati
56%
1994 United Kingdom Carl Fogarty Ducati
52%
1995 United Kingdom Carl Fogarty Ducati
52%
1998 United Kingdom Carl Fogarty Ducati
52%
1999 United Kingdom Carl Fogarty Ducati
52%
2000 USA Colin Edwards Honda
48%
2002 USA Colin Edwards Honda
48%
2004 United Kingdom James Toseland Ducati
36%
2007 United Kingdom James Toseland Honda
36%
2003 United Kingdom Neil Hodgson Ducati
36%
1997 USA John Kocinski Honda
28%
1990 France Raymond Roche Ducati
20%
1988 USA Fred Merkel Honda
16%
1989 USA Fred Merkel Honda
16%
2025 Turkey Toprak Razgatlioglu BMW
16%
1991 USA Doug Polen Ducati
12%
1992 USA Doug Polen Ducati
12%
1993 USA Scott Russell Kawasaki
12%
No matching quizzes found
Score Distribution
Percent of People with Each Score
Percentile by Number Answered
Your Score History
You have not taken this quiz since the last reset